header

Methods for development work and research (Record no. 255293)

MARC details
000 -LEADER
fixed length control field 00434nam a22001577a 4500
003 - CONTROL NUMBER IDENTIFIER
control field OSt
005 - DATE AND TIME OF LATEST TRANSACTION
control field 20161022121927.0
008 - FIXED-LENGTH DATA ELEMENTS--GENERAL INFORMATION
fixed length control field 161022b xxu||||| |||| 00| 0 eng d
020 ## - INTERNATIONAL STANDARD BOOK NUMBER
International Standard Book Number 10:0761933271
040 ## - CATALOGING SOURCE
Transcribing agency N/A
050 ## - LIBRARY OF CONGRESS CALL NUMBER
Classification number HD77
Item number .M55 2005
100 ## - MAIN ENTRY--PERSONAL NAME
Personal name Britha Mikkelsen
245 ## - TITLE STATEMENT
Title Methods for development work and research
Remainder of title A new guide for practitioners
260 ## - PUBLICATION, DISTRIBUTION, ETC. (IMPRINT)
Place of publication, distribution, etc New Delhi
Name of publisher, distributor, etc Sage publications
Date of publication, distribution, etc 2005
942 ## - ADDED ENTRY ELEMENTS (KOHA)
Source of classification or shelving scheme Library of Congress Classification
Koha item type Long Loan Books
Holdings
Withdrawn status Lost status Source of classification or shelving scheme Damaged status Not for loan Collection code Home library Current library Shelving location Date acquired Total Checkouts Full call number Barcode Date last seen Price effective from Koha item type
    Library of Congress Classification     Non-fiction Rongo University Library Rongo University Library General Stacks 22/10/2016   HD77 .M55 2005 20090633 22/10/2016 22/10/2016 Long Loan Books

© 2026 Rongo University
Contact us: librarian | system librarian | Rongo university